| 000 | 01115cam a2200349 a 4500 | ||
|---|---|---|---|
| 001 | 22398 | ||
| 003 | SK-KTurca | ||
| 005 | 20260327151002.0 | ||
| 008 | 240611s1995 xo gra 000 f slo | ||
| 015 | _aSNBA1996/0601488 | ||
| 020 |
_a8085352222 _q(viaz.) |
||
| 035 | _aSNK000097710 | ||
| 035 | _aurn:nbn:sk:snk-amk56n | ||
| 035 | _aurn:nbn:sk:snk-am004zr4 | ||
| 035 | _aF5110684-C59C-4457-ACCD-DAAB817FCC8D | ||
| 040 |
_aSNK _bslo _cSNK _eAACR2 |
||
| 041 | 1 |
_aslo _hger |
|
| 044 |
_axo _cSK |
||
| 080 |
_a830 (436)-3 _21981 |
||
| 100 | 1 |
_aKubelka, Susanna, _d1942-2024 _4aut |
|
| 240 | 1 | 0 |
_aOphelia lernt schwimmen _lSlovensky |
| 245 | 1 | 0 |
_aOfélia sa učí plávať _cSusanna Kubelka ; z nemeckého originálu Ophelia lernt schwimmen ... preložil Milan Žarnovický |
| 250 | _a1. vyd. | ||
| 260 |
_aBratislava _bRemedium _c1995 |
||
| 300 |
_a271 s. _c21 cm |
||
| 655 | 7 |
_arakúske romány _2SNKPH |
|
| 700 | 1 |
_aŽarnovický, Milan, _d1941-2018 _4trl |
|
| 911 |
_aKN 1996/06 _b01488 |
||
| 942 |
_2ddc _cKLDO _n0 |
||
| 999 |
_c22398 _d22398 |
||